000 00938nam a2200277Ia 4500
003 OSt
005 20221007121820.0
006 a|||||r|||| 00| 0
007 ta
008 221006b |||||||| |||| 00| 0 eng d
020 _a8171335357 (pbk)
_cRs. 195.00
024 _a9714
037 _bN R Book,
_cTextual
040 _aBDL
_cBDL
_beng
041 _2eng
_aeng
082 _aJ:4, P1-;1
100 _aSharma P D
245 0 _aPlant pathology by P D Sharma
260 _aMeerut
_bRastogi Publications
_c2001
300 _ax, 468p
_ccm.
500 _aGlossary 457-461p; Index 463-468p; ^n23/CSL/CARB/2002-2003/462^d2002-11-09^mPurchase; ; 2002-03/435^b2002-11-13^c126/02^d2002-11-13^eRs.1,548.00^fN R Book Distributors; ; 2002-11-20^bSB^c2003-04-10^dRPS
650 _a Plant diseases
_9581925
650 _aAgriculture
942 _hJ:4, P1-;1
_cTEXL
_2CC
999 _c1209389
_d1209389